<?xml version="1.0" encoding="UTF-8"?>
<record
    xmlns:xsi="http://www.w3.org/2001/XMLSchema-instance"
    xsi:schemaLocation="http://www.loc.gov/MARC21/slim http://www.loc.gov/standards/marcxml/schema/MARC21slim.xsd"
    xmlns="http://www.loc.gov/MARC21/slim">

  <leader>00366nam a22001577a 4500</leader>
  <controlfield tag="003">SGT</controlfield>
  <datafield tag="020" ind1=" " ind2=" ">
    <subfield code="a">9788185790305</subfield>
  </datafield>
  <datafield tag="082" ind1=" " ind2=" ">
    <subfield code="a">615.321</subfield>
    <subfield code="b">P26K</subfield>
  </datafield>
  <datafield tag="100" ind1=" " ind2=" ">
    <subfield code="a">KHANDALWAL,K.R.</subfield>
  </datafield>
  <datafield tag="245" ind1=" " ind2=" ">
    <subfield code="a">PRACTICAL PHARMACOGNOSY</subfield>
  </datafield>
  <datafield tag="260" ind1=" " ind2=" ">
    <subfield code="a">PUNE</subfield>
    <subfield code="b">NIRALI PRAKASHAN</subfield>
    <subfield code="c">2026</subfield>
  </datafield>
  <datafield tag="300" ind1=" " ind2=" ">
    <subfield code="a">27.19</subfield>
  </datafield>
  <datafield tag="650" ind1=" " ind2=" ">
    <subfield code="a">PHARMACOGNOSY</subfield>
  </datafield>
  <datafield tag="653" ind1=" " ind2=" ">
    <subfield code="a">PRACTICAL , PHARMACOGNOSY</subfield>
  </datafield>
  <datafield tag="942" ind1=" " ind2=" ">
    <subfield code="2">ddc</subfield>
    <subfield code="c">BK</subfield>
  </datafield>
  <datafield tag="952" ind1=" " ind2=" ">
    <subfield code="0">0</subfield>
    <subfield code="1">0</subfield>
    <subfield code="2">ddc</subfield>
    <subfield code="4">0</subfield>
    <subfield code="7">0</subfield>
    <subfield code="8">FP</subfield>
    <subfield code="a">APL</subfield>
    <subfield code="b">APL</subfield>
    <subfield code="c">TXT</subfield>
    <subfield code="d">2026-05-07</subfield>
    <subfield code="e">ABC PVT. LTD.</subfield>
    <subfield code="g">330.00</subfield>
    <subfield code="i">SGTU</subfield>
    <subfield code="l">0</subfield>
    <subfield code="o">615.321 P26K</subfield>
    <subfield code="p">FP5382</subfield>
    <subfield code="r">2026-05-07 00:00:00</subfield>
    <subfield code="w">2026-04-22</subfield>
    <subfield code="y">BK</subfield>
    <subfield code="k">22929</subfield>
  </datafield>
  <datafield tag="952" ind1=" " ind2=" ">
    <subfield code="0">0</subfield>
    <subfield code="1">0</subfield>
    <subfield code="2">ddc</subfield>
    <subfield code="4">0</subfield>
    <subfield code="7">0</subfield>
    <subfield code="8">FP</subfield>
    <subfield code="a">APL</subfield>
    <subfield code="b">APL</subfield>
    <subfield code="c">TXT</subfield>
    <subfield code="d">2026-05-07</subfield>
    <subfield code="e">ABC PVT. LTD.</subfield>
    <subfield code="g">330.00</subfield>
    <subfield code="i">SGTU</subfield>
    <subfield code="l">0</subfield>
    <subfield code="o">615.321 P26K</subfield>
    <subfield code="p">FP5383</subfield>
    <subfield code="r">2026-05-07 00:00:00</subfield>
    <subfield code="w">2026-04-22</subfield>
    <subfield code="y">BK</subfield>
    <subfield code="k">22929</subfield>
  </datafield>
  <datafield tag="952" ind1=" " ind2=" ">
    <subfield code="0">0</subfield>
    <subfield code="1">0</subfield>
    <subfield code="2">ddc</subfield>
    <subfield code="4">0</subfield>
    <subfield code="7">0</subfield>
    <subfield code="8">FP</subfield>
    <subfield code="a">APL</subfield>
    <subfield code="b">APL</subfield>
    <subfield code="c">TXT</subfield>
    <subfield code="d">2026-05-07</subfield>
    <subfield code="e">ABC PVT. LTD.</subfield>
    <subfield code="g">330.00</subfield>
    <subfield code="i">SGTU</subfield>
    <subfield code="l">0</subfield>
    <subfield code="o">615.321 P26K</subfield>
    <subfield code="p">FP5384</subfield>
    <subfield code="r">2026-05-07 00:00:00</subfield>
    <subfield code="w">2026-04-22</subfield>
    <subfield code="y">BK</subfield>
    <subfield code="k">22929</subfield>
  </datafield>
  <datafield tag="952" ind1=" " ind2=" ">
    <subfield code="0">0</subfield>
    <subfield code="1">0</subfield>
    <subfield code="2">ddc</subfield>
    <subfield code="4">0</subfield>
    <subfield code="7">0</subfield>
    <subfield code="8">FP</subfield>
    <subfield code="a">APL</subfield>
    <subfield code="b">APL</subfield>
    <subfield code="c">TXT</subfield>
    <subfield code="d">2026-05-07</subfield>
    <subfield code="e">ABC PVT. LTD.</subfield>
    <subfield code="g">330.00</subfield>
    <subfield code="i">SGTU</subfield>
    <subfield code="l">0</subfield>
    <subfield code="o">615.321 P26K</subfield>
    <subfield code="p">FP5385</subfield>
    <subfield code="r">2026-05-07 00:00:00</subfield>
    <subfield code="w">2026-04-22</subfield>
    <subfield code="y">BK</subfield>
    <subfield code="k">22929</subfield>
  </datafield>
  <datafield tag="952" ind1=" " ind2=" ">
    <subfield code="0">0</subfield>
    <subfield code="1">0</subfield>
    <subfield code="2">ddc</subfield>
    <subfield code="4">0</subfield>
    <subfield code="7">0</subfield>
    <subfield code="8">FP</subfield>
    <subfield code="a">APL</subfield>
    <subfield code="b">APL</subfield>
    <subfield code="c">TXT</subfield>
    <subfield code="d">2026-05-07</subfield>
    <subfield code="e">ABC PVT. LTD.</subfield>
    <subfield code="g">330.00</subfield>
    <subfield code="i">SGTU</subfield>
    <subfield code="l">0</subfield>
    <subfield code="o">615.321 P26K</subfield>
    <subfield code="p">FP5386</subfield>
    <subfield code="r">2026-05-07 00:00:00</subfield>
    <subfield code="w">2026-04-22</subfield>
    <subfield code="y">BK</subfield>
    <subfield code="k">22929</subfield>
  </datafield>
  <datafield tag="952" ind1=" " ind2=" ">
    <subfield code="0">0</subfield>
    <subfield code="1">0</subfield>
    <subfield code="2">ddc</subfield>
    <subfield code="4">0</subfield>
    <subfield code="7">0</subfield>
    <subfield code="8">FP</subfield>
    <subfield code="a">APL</subfield>
    <subfield code="b">APL</subfield>
    <subfield code="c">TXT</subfield>
    <subfield code="d">2026-05-07</subfield>
    <subfield code="e">ABC PVT. LTD.</subfield>
    <subfield code="g">330.00</subfield>
    <subfield code="i">SGTU</subfield>
    <subfield code="l">0</subfield>
    <subfield code="o">615.321 P26K</subfield>
    <subfield code="p">FP5387</subfield>
    <subfield code="r">2026-05-07 00:00:00</subfield>
    <subfield code="w">2026-04-22</subfield>
    <subfield code="y">BK</subfield>
    <subfield code="k">22929</subfield>
  </datafield>
  <datafield tag="952" ind1=" " ind2=" ">
    <subfield code="0">0</subfield>
    <subfield code="1">0</subfield>
    <subfield code="2">ddc</subfield>
    <subfield code="4">0</subfield>
    <subfield code="7">0</subfield>
    <subfield code="8">FP</subfield>
    <subfield code="a">APL</subfield>
    <subfield code="b">APL</subfield>
    <subfield code="c">TXT</subfield>
    <subfield code="d">2026-05-07</subfield>
    <subfield code="e">ABC PVT. LTD.</subfield>
    <subfield code="g">330.00</subfield>
    <subfield code="i">SGTU</subfield>
    <subfield code="l">0</subfield>
    <subfield code="o">615.321 P26K</subfield>
    <subfield code="p">FP5388</subfield>
    <subfield code="r">2026-05-07 00:00:00</subfield>
    <subfield code="w">2026-04-22</subfield>
    <subfield code="y">BK</subfield>
    <subfield code="k">22929</subfield>
  </datafield>
  <datafield tag="952" ind1=" " ind2=" ">
    <subfield code="0">0</subfield>
    <subfield code="1">0</subfield>
    <subfield code="2">ddc</subfield>
    <subfield code="4">0</subfield>
    <subfield code="7">0</subfield>
    <subfield code="8">FP</subfield>
    <subfield code="a">APL</subfield>
    <subfield code="b">APL</subfield>
    <subfield code="c">TXT</subfield>
    <subfield code="d">2026-05-07</subfield>
    <subfield code="e">ABC PVT. LTD.</subfield>
    <subfield code="g">330.00</subfield>
    <subfield code="i">SGTU</subfield>
    <subfield code="l">0</subfield>
    <subfield code="o">615.321 P26K</subfield>
    <subfield code="p">FP5389</subfield>
    <subfield code="r">2026-05-07 00:00:00</subfield>
    <subfield code="w">2026-04-22</subfield>
    <subfield code="y">BK</subfield>
    <subfield code="k">22929</subfield>
  </datafield>
  <datafield tag="999" ind1=" " ind2=" ">
    <subfield code="c">34793</subfield>
    <subfield code="d">34793</subfield>
  </datafield>
</record>
